Elementary heat transfer analysis / (Record no. 3283)

000 -LEADER
fixed length control field 00421nam a22001577a 4500
008 - FIXED-LENGTH DATA ELEMENTS--GENERAL INFORMATION
fixed length control field 200326b ||||| |||| 00| 0 eng d
020 ## - INTERNATIONAL STANDARD BOOK NUMBER
International Standard Book Number 0080189598
082 00 - DEWEY DECIMAL CLASSIFICATION NUMBER
Classification number 536.2
Item number W577
100 ## - MAIN ENTRY--PERSONAL NAME
9 (RLIN) 2784
Personal name Whitaker, Stephen
245 10 - TITLE STATEMENT
Title Elementary heat transfer analysis /
250 ## - EDITION STATEMENT
Edition statement 1st ed.
260 ## - PUBLICATION, DISTRIBUTION, ETC. (IMPRINT)
Place of publication, distribution, etc New York
Name of publisher, distributor, etc Pergamon
Date of publication, distribution, etc 1976
300 ## - PHYSICAL DESCRIPTION
Extent xvii, 369 p.
650 #0 - SUBJECT ADDED ENTRY--TOPICAL TERM
Topical term or geographic name as entry element Heat Transmission
942 ## - ADDED ENTRY ELEMENTS (KOHA)
Item type Books
Holdings
Withdrawn status Lost status Source of classification or shelving scheme Damaged status Not for loan Permanent location Current location Date acquired Full call number Barcode Date last seen Koha item type
          IMU Kolkata IMU Kolkata 2020-03-26 536.2 W577 05635 2020-03-26 Books
Designed and Maintained by IMU-KC Library, Kolkata Campus © Copyright All Rights Reserved

webs counters

Powered by Koha